Countries Larger and More Populous Than Texas - Statistics

General Stats
  • This quiz has been taken 13 times
  • The average score is 23 of 25
Answer Stats
Size (sq km) Pop (mil) Answer % Correct
2,381,741 47.4 Algeria
100%
2,780,085 46.4 Argentina
100%
8,515,767 213.4 Brazil
100%
9,984,640 41.5 Canada
100%
9,596,961 1,404.9 China
100%
1,010,048 108.6 Egypt
100%
1,104,300 111.7 Ethiopia
100%
3,287,263 1,417.5 India
100%
1,648,195 92.4 Iran
100%
923,768 223.8 Nigeria
100%
882,363 241.5 Pakistan
100%
17,098,246 146.0 Russia
100%
2,149,690 35.3 Saudi Arabia
100%
1,221,037 63.1 South Africa
100%
1,141,748 53.1 Colombia
92%
2,345,409 112.8 Democratic Republic of the Congo
92%
1,904,569 288.3 Indonesia
92%
1,972,550 131.0 Mexico
92%
1,886,068 51.7 Sudan
92%
947,303 68.2 Tanzania
83%
1,285,216 34.4 Peru
75%
783,562 86.1 Turkey
75%
1,246,700 38.8 Angola
67%
9,833,520 341.8 United States of America
67%
799,380 34.1 Mozambique
42%
No matching quizzes found
Score Distribution
Percent of People with Each Score
Percentile by Number Answered
Your Score History
You have not taken this quiz